| 000 | 01096nam a22002895i 4500 | ||
|---|---|---|---|
| 001 | 14739 | ||
| 003 | ES-MaACL | ||
| 005 | 20251122063105.0 | ||
| 007 | t| | ||
| 008 | 960117s1994 sp ||||0| spa j | ||
| 020 | _a84-7820-210-2 | ||
| 040 |
_aM-BN _bspa _cM-BN |
||
| 080 | _a929.629(460) | ||
| 100 | 0 |
_aLiñán y Eguizábal, José de, _cConde de Doña Marina _972478 |
|
| 245 | 1 | 0 |
_aDiccionario de lemas heráldicos / _cpor José de Liñán y Eguizábal ; edición al cuidado de Alberto Montaner Frutos y Guillermo Redondo Veintemillas. |
| 260 |
_aZaragoza : _bInstitución "Fernando el Católico", _c1994. |
||
| 300 |
_aXXIX, 47 p. ; _c16 cm. |
||
| 534 |
_pReprod. facs. de la ed. de: _c-- Huesca : Leandro Pérez, 1914. |
||
| 650 | 4 |
_aDivisas (Heráldica)- _zEspaña. _9157660 |
|
| 655 | 7 |
_2tgfbne _9226495 _aFacsímiles |
|
| 700 | 1 |
_aMontaner Frutos, Alberto. _982381 |
|
| 700 | 1 |
_aRedondo Veintemillas, Guillermo. _995831 |
|
| 710 | 2 |
_aInstitución "Fernando el Católico" _94721 |
|
| 852 |
_aES-MaACL _jL-21952 _bR.123818 |
||
| 942 | _2udc | ||
| 999 |
_c14739 _d14739 |
||